000 00650nam a2200253Ia 4500
003 OSt
005 20220918210005.0
006 a|||||r|||| 00| 0
007 ta
008 220917b |||||||| |||| 00| 0 eng d
024 _a118,694
037 _cTextual
040 _aARTS
_cARTS
_beng
041 _2eng
_aeng
082 _aV6541:1:N6, L0
100 _aMoore William A
_9116768
245 0 _aHistory of Itsekiri
250 _a2nd
260 _aLondon
_bFrank Cass and Company Ltd.
_c1970
300 _a224p.
_ccm.
650 _aHISTORY
942 _hV6541:1:N6, L0
_cTEXL
_2CC
999 _c241963
_d241963